| 000 | 00769cam a22002412 4500 | ||
|---|---|---|---|
| 999 |
_c6914 _d6914 |
||
| 001 | 10266687 | ||
| 003 | GBCCL | ||
| 005 | 20241126110615.0 | ||
| 008 | 830216s1955 nyu d 000 0 eng | ||
| 010 | _a 55010502 | ||
| 040 |
_aDLC _cCarP _dDLC |
||
| 050 | 0 | 0 |
_aPN41 _b.B4 1955 |
| 082 |
_a803 _bREA |
||
| 100 | 1 |
_aBenét, William Rose, _d1886-1950, _eed. _912332 |
|
| 245 | 1 | 4 |
_aThe reader's encyclopedia, _ban encyclopedia of world literature and the arts, with supplement. |
| 260 |
_aNew York, _bT.Y. Crowell Co. _c[1955] |
||
| 300 |
_avii, 1270 p. _c24 cm. |
||
| 650 | 0 |
_aLiterature _vDictionaries. _912333 |
|
| 650 | 0 |
_aArt _vDictionaries. _912334 |
|
| 650 | 0 |
_aMusic _vDictionaries. _912335 |
|
| 906 |
_a0 _bcbc _cpremver _du _encip _f19 _gy-gencatlg |
||
| 942 |
_2ddc _cREF |
||